Bens digitais

Detalles Bibliográficos
Autor principal: Zampier, Bruno
Formato: eBook
Lenguaje:portugués
Publicado: Indaiatuba: Editora Foco, 2021
Materias:
Acceso en línea:Acceso restringido

MARC

LEADER 00000nam a22000007a 4500
005 20211117214450.0
007 cr|||| |||
008 211117s2021 br |||||s|||| 00||0 por d
020 |a 978-65-5515-133-6 
035 |a 35425 
040 |a vLex 
090 |c 12663  |d 12663 
100 1 |a Zampier, Bruno 
245 1 0 |a  Bens digitais  |h [Recurso electrn̤ico] /  |c Bruno Zampier 
256 |a Servicio en ln̕ea 
260 |a Indaiatuba:  |b Editora Foco,  |c 2021 
300 |a 1 recurso electrn̤ico 
500 |a Redes sociais, e-mails, milhas ařeas, moedas virtuais, ms︢icas e livros digitais: lidamos diariamente com uma sřie de interesses que nô estô a merecer a devida atenȯ̂ do mundo jurd̕ico. Este livro aborda a questô dos bens digitais na sociedade da informaȯ̂, buscando analisar o contexto sociolg̤ico no qual estes ativos surgem, sua natureza jurd̕ica, a importńcia no atual momento histr̤ico, suas repercusse̳s no ḿbito da personalidade humana e em sede patrimonial. Ademais, busca encontrar soluė̳s para problemas que esta nova categoria de bens jurd̕icos suscita, principalmente quando da ocorrn̊cia da morte ou supervenin̊cia de incapacidade do titular, visando preservar os interesses envolvidos, tais como o do prp̤rio sujeito, de seus familiares, de terceiros e dos provedores de Internet. Para tanto, envereda-se pelas novas fronteiras da autonomia privada, discutindo a possibilidade de a vontade regular este destino, seja por meio de testamentos digitais ou diretivas antecipadas. Na ausn̊cia de manifestaȯ̂ de vontade, discute-se sobre o eventual papel regulamentador do Estado quanto ao tema e, tambm̌, as formas de atuaȯ̂ do Judicir̀io. Por fim, procede-se a uma anl̀ise da legislaȯ̂ comparada, dando n̊fase aos projetos de lei existentes nos Estados Unidos e Europa sobre os denominados digital assets. 
506 1 |a Disponible solo en los productos indicados  |d vLex Global  |d vLex Global (Academic Edition, excluding Law Schools)  |d vLex Global (U.S. Academic Edition, Law Schools)  |d vLex Global (U.S. Academic Edition, excluding Law Schools)  |d vLex Global (Academic Edition, Law Schools) 
650 0 4 |a Derecho de las Nuevas Tecnologa̕s  |z Brasil 
740 0 |a vLex Libros (Servicio en ln̕ea) 
856 4 0 |u https://app.vlex.com/#/sources/35425  |z Acceso restringido 
942 |c BOOK 
999 0 |a New Technologies Law